Normal view
MARC view
- Mehmood, Nasir ( MSIS-09)
Entry Personal Name
001 - CONTROL NUMBER
- control field: 35161
003 - CONTROL NUMBER IDENTIFIER
- control field: NUST
005 - DATE AND TIME OF LATEST TRANSACTION
- control field: 20201111155227.0
008 - FIXED-LENGTH DATA ELEMENTS
- fixed length control field: 201111|| aca||aabn | a|a d
040 ## - CATALOGING SOURCE
- Original cataloging agency: NUST
- Transcribing agency: NUST
100 ## - HEADING--PERSONAL NAME
- Personal name: Mehmood, Nasir ( MSIS-09)
670 ## - SOURCE DATA FOUND
- Source citation: Work cat.: (NUST)121681: Mehmood, Nasir ( MSIS-09), Algebrraic Cryptanalysis Of Feistel Structure Based Light Weight Block Ciphers , 2014
